[Event "US Open-112"]
[Site "Orlando"]
[Date "2011.08.04"]
[Round "4"]
[White "Kacheishvili, Giorgi"]
[Black "Hansen, Lars Bo"]
[Result "1/2-1/2"]
[WhiteElo "2582"]
[BlackElo "2578"]
[PlyCount "23"]
[EventDate "2011.07.30"]
[EventType "swiss"]
[EventRounds "9"]
[EventCountry "USA"]
[SourceTitle "CBM 143 Extra"]
[Source "ChessBase"]
[SourceDate "2011.08.29"]
[SourceVersion "1"]
[SourceVersionDate "2011.08.29"]
[SourceQuality "1"]

1. c4 c6 2. e4 d5 3. exd5 cxd5 4. d4 Nf6 5. Nc3 e6 6. Nf3 Be7 7. cxd5 Nxd5 8. Bd3 Nc6 9. 0-0 0-0 10. Re1 Bf6 11. Be4 Nce7 12. Qd3 1/2-1/2

[Event "Olympiad-38"]
[Site "Dresden"]
[Date "2008.11.25"]
[Round "11"]
[White "Hansen, Lars Bo"]
[Black "Nyback, Tomi"]
[Result "1/2-1/2"]
[WhiteElo "2570"]
[BlackElo "2634"]
[PlyCount "60"]
[EventDate "2008.11.13"]
[EventType "team-swiss"]
[EventRounds "11"]
[EventCountry "GER"]
[SourceTitle "CBM 128"]
[Source "ChessBase"]
[SourceDate "2009.01.28"]
[SourceVersion "1"]
[SourceVersionDate "2009.01.28"]
[SourceQuality "1"]
[WhiteTeam "Denmark"]
[BlackTeam "Finland"]
[WhiteTeamCountry "DEN"]
[BlackTeamCountry "FIN"]

1. d4 d5 2. Nf3 Nf6 3. c4 c6 4. cxd5 cxd5 5. Nc3 Nc6 6. Bf4 Bf5 7. e3 e6 8. Qb3 Bb4 9. Bb5 0-0 10. Bxc6 Bxc3+ 11. Qxc3 Rc8 12. Ne5 Ng4 13. Nxg4 Bxg4 14. Qb4 Rxc6 15. Qxb7 Qc8 16. Qxc8 Rfxc8 17. 0-0 Be2 18. Rfe1 Rc2 19. b3 Rb2 20. Rec1 Rxc1+ 21. Rxc1 h6 22. Ra1 Bd3 23. Bd6 Bb1 24. Ba3 Rxa2 25. Rxa2 Bxa2 26. Bc5 a5 27. Bb6 f6 28. f3 Bxb3 29. Bxa5 Kf7 30. Kf2 g5 1/2-1/2

[Event "Olympiad-38"]
[Site "Dresden"]
[Date "2008.11.23"]
[Round "10"]
[White "Jobava, Baadur"]
[Black "Hansen, Lars Bo"]
[Result "1-0"]
[WhiteElo "2664"]
[BlackElo "2570"]
[PlyCount "89"]
[EventDate "2008.11.13"]
[EventType "team-swiss"]
[EventRounds "11"]
[EventCountry "GER"]
[SourceTitle "CBM 128"]
[Source "ChessBase"]
[SourceDate "2009.01.28"]
[SourceVersion "1"]
[SourceVersionDate "2009.01.28"]
[SourceQuality "1"]
[WhiteTeam "Georgia"]
[BlackTeam "Denmark"]
[WhiteTeamCountry "GEO"]
[BlackTeamCountry "DEN"]

1. d4 d5 2. c4 c6 3. Nf3 Nf6 4. Nc3 dxc4 5. a4 Bf5 6. Ne5 e6 7. f3 c5 8. e4 Bg6 9. Be3 cxd4 10. Qxd4 Qxd4 11. Bxd4 Nfd7 12. Nxd7 Nxd7 13. Bxc4 a6 14. h4 h6 15. h5 Bh7 16. Ke2 Bd6 17. g4 Rg8 18. Rad1 Ke7 19. Ke3 Rgc8 20. Ba2 f6 21. Rd2 Bg8 22. Rhd1 e5 23. Bxg8 exd4+ 24. Rxd4 Bc5 25. Nd5+ Kf8 26. Be6 Rd8 27. Rc1 Ba7 28. Rc7 Ne5 29. Rxb7 Nc4+ 30. Kd3 Ne5+ 31. Ke3 Nc4+ 32. Kf4 Bxd4 33. Rf7+ Kg8 34. Ne7+ Kh7 35. Bxc4 Be5+ 36. Kf5 Rd2 37. b4 Rad8 38. Nc6 Re8 39. Nxe5 fxe5 40. Ra7 Rd6 41. Rxa6 Rd7 42. Be6 Rd3 43. Kxe5 Rxf3 44. b5 Ra3 45. b6 1-0

[Event "Olympiad-38"]
[Site "Dresden"]
[Date "2008.11.15"]
[Round "3"]
[White "Klasan, Vladimir"]
[Black "Hansen, Lars Bo"]
[Result "0-1"]
[WhiteElo "2326"]
[BlackElo "2570"]
[PlyCount "124"]
[EventDate "2008.11.13"]
[EventType "team-swiss"]
[EventRounds "11"]
[EventCountry "GER"]
[SourceTitle "CBM 128"]
[Source "ChessBase"]
[SourceDate "2009.01.28"]
[SourceVersion "1"]
[SourceVersionDate "2009.01.28"]
[SourceQuality "1"]
[WhiteTeam "ICSC"]
[BlackTeam "Denmark"]
[BlackTeamCountry "DEN"]

1. e4 e5 2. Nf3 Nc6 3. d4 exd4 4. Nxd4 Nf6 5. Nxc6 bxc6 6. Bd3 d6 7. 0-0 Be7 8. Nd2 0-0 9. h3 Nd7 10. Nf3 Nc5 11. Be3 Nxd3 12. cxd3 c5 13. d4 Bb7 14. Qc2 cxd4 15. Nxd4 Bf6 16. Rac1 c5 17. Nf5 Re8 18. f3 Bc8 19. Ng3 g6 20. Rfd1 Qb6 21. b3 a5 22. Qd2 a4 23. Ne2 axb3 24. axb3 Qxb3 25. Rb1 Qa2 26. Rb6 Qxd2 27. Rxd2 Ra1+ 28. Kf2 Bh4+ 29. g3 Be7 30. h4 Ra6 31. Rxa6 Bxa6 32. Nc3 Bc4 33. Nd5 Bxd5 34. Rxd5 Rc8 35. h5 f6 36. hxg6 hxg6 37. f4 Kf7 38. g4 Ra8 39. Rd2 Rh8 40. Kg2 Ke6 41. Rd5 Rc8 42. f5+ gxf5 43. gxf5+ Kd7 44. Kf3 Kc6 45. Ke2 Bd8 46. Bf4 Bc7 47. Rd1 Rd8 48. Rc1 Bb6 49. Rh1 c4 50. Rc1 d5 51. exd5+ Kxd5 52. Kf3 Bd4 53. Be3 Bxe3 54. Kxe3 Kc5 55. Ra1 Rd6 56. Ra8 c3 57. Rc8+ Kb4 58. Rb8+ Ka3 59. Rc8 Kb2 60. Rc5 c2 61. Rb5+ Kc3 62. Rc5+ Kb3 0-1

[Event "BL2-Nord 0809"]
[Site "Germany"]
[Date "2008.10.26"]
[Round "2.2"]
[White "Hansen, Lars Bo"]
[Black "Stern, Rene"]
[Result "1/2-1/2"]
[WhiteElo "2570"]
[BlackElo "2490"]
[PlyCount "88"]
[EventDate "2008.10.05"]
[EventType "team-tourn"]
[EventRounds "9"]
[EventCountry "GER"]
[SourceTitle "CBM 129 Extra"]
[Source "ChessBase"]
[SourceDate "2009.05.05"]
[SourceVersion "2"]
[SourceVersionDate "2009.05.20"]
[SourceQuality "1"]
[WhiteTeam "Luebeck II"]
[BlackTeam "Koenig Tegel"]
[WhiteTeamCountry "GER"]
[BlackTeamCountry "GER"]

1. d4 Nf6 2. Nf3 e6 3. c4 d5 4. Nc3 Nbd7 5. Bg5 c6 6. cxd5 exd5 7. e3 Qa5 8. Bd3 Ne4 9. 0-0 Nxg5 10. Nxg5 Be7 11. Nf3 0-0 12. a3 Qd8 13. Qc2 h6 14. Rad1 Bd6 15. e4 dxe4 16. Nxe4 Nf6 17. Ne5 Nxe4 18. Bxe4 Be6 19. Bh7+ Kh8 20. Bf5 Bd5 21. Be4 Bxe4 22. Qxe4 Qc7 23. Rfe1 Rae8 24. Qf5 Kg8 25. g3 Re7 26. Nc4 Rd8 27. Ne3 Red7 28. d5 c5 29. Qg4 g6 30. Qf3 h5 31. Nc4 b5 32. Nxd6 Qxd6 33. b3 Qa6 34. Re3 Kg7 35. Red3 Qxa3 36. d6 Qb4 37. Qe3 c4 38. bxc4 bxc4 39. Rd4 Qa5 40. Rd5 Qb6 41. Qc3+ Kg8 42. Qf6 c3 43. Rxh5 gxh5 44. Qg5+ Kf8 1/2-1/2

[Event "Baltic Sea Cup"]
[Site "Bornholm"]
[Date "2008.08.03"]
[Round "7"]
[White "Hansen, Lars Bo"]
[Black "Iljushin, Alexei"]
[Result "1/2-1/2"]
[WhiteElo "2569"]
[BlackElo "2546"]
[PlyCount "37"]
[EventDate "2008.07.29"]
[EventType "swiss"]
[EventRounds "10"]
[EventCountry "DEN"]
[SourceTitle "CBM 125 Extra"]
[Source "ChessBase"]
[SourceDate "2008.09.01"]
[SourceVersion "1"]
[SourceVersionDate "2008.09.01"]
[SourceQuality "1"]

1. d4 d5 2. Nf3 Nf6 3. c4 c6 4. Nc3 a6 5. cxd5 cxd5 6. Bf4 Nc6 7. Rc1 e6 8. e3 Bd6 9. Bxd6 Qxd6 10. Bd3 0-0 11. 0-0 Bd7 12. a3 b5 13. e4 dxe4 14. Nxe4 Nxe4 15. Bxe4 f5 16. d5 fxe4 17. dxc6 Qxd1 18. Rfxd1 Bxc6 19. Rxc6 1/2-1/2

[Event "Baltic Sea Cup"]
[Site "Bornholm"]
[Date "2008.07.30"]
[Round "3"]
[White "Hansen, Lars Bo"]
[Black "Vitiugov, Nikita"]
[Result "1/2-1/2"]
[WhiteElo "2569"]
[BlackElo "2616"]
[PlyCount "54"]
[EventDate "2008.07.29"]
[EventType "swiss"]
[EventRounds "10"]
[EventCountry "DEN"]
[SourceTitle "CBM 125 Extra"]
[Source "ChessBase"]
[SourceDate "2008.09.01"]
[SourceVersion "1"]
[SourceVersionDate "2008.09.01"]
[SourceQuality "1"]

1. d4 Nf6 2. Nf3 d5 3. c4 e6 4. e3 c5 5. Nc3 a6 6. dxc5 Bxc5 7. a3 Bd6 8. cxd5 exd5 9. Be2 0-0 10. 0-0 Nc6 11. b4 Be6 12. Bb2 Qe7 13. b5 axb5 14. Nxb5 Bc5 15. Nfd4 Ne4 16. Bd3 Nxd4 17. exd4 Bb6 18. a4 Rfd8 19. Qe2 Qg5 20. Bc1 Qf6 21. Be3 Bf5 22. f3 Nd6 23. Nxd6 Rxd6 24. Bxf5 Qxf5 25. Qb5 Qf6 26. Kh1 Bxd4 27. Bxd4 Qxd4 1/2-1/2

[Event "Sigeman & Co 16th"]
[Site "Malmo"]
[Date "2008.04.27"]
[Round "6"]
[White "Hansen, Lars Bo"]
[Black "Stellwagen, Daniel"]
[Result "1/2-1/2"]
[WhiteElo "2563"]
[BlackElo "2621"]
[PlyCount "28"]
[EventDate "2008.04.22"]
[EventType "tourn"]
[EventRounds "9"]
[EventCountry "SWE"]
[EventCategory "12"]
[SourceTitle "CBM 124"]
[Source "ChessBase"]
[SourceDate "2008.05.28"]
[SourceVersion "1"]
[SourceVersionDate "2008.05.28"]
[SourceQuality "1"]

1. d4 d5 2. c4 c6 3. Nf3 Nf6 4. cxd5 cxd5 5. Nc3 Nc6 6. Bf4 Bf5 7. e3 e6 8. Qb3 Bb4 9. Bb5 0-0 10. 0-0 Bxc3 11. Bxc6 Bxb2 12. Bxb7 Bxa1 13. Rxa1 Qb6 14. Bxa8 Rxa8 1/2-1/2

[Event "Sigeman & Co 16th"]
[Site "Malmo"]
[Date "2008.04.26"]
[Round "5"]
[White "Lie, Kjetil A"]
[Black "Hansen, Lars Bo"]
[Result "0-1"]
[WhiteElo "2558"]
[BlackElo "2563"]
[PlyCount "62"]
[EventDate "2008.04.22"]
[EventType "tourn"]
[EventRounds "9"]
[EventCountry "SWE"]
[EventCategory "12"]
[SourceTitle "CBM 124"]
[Source "ChessBase"]
[SourceDate "2008.05.28"]
[SourceVersion "1"]
[SourceVersionDate "2008.05.28"]
[SourceQuality "1"]

1. e4 c6 2. d4 d5 3. Nc3 dxe4 4. Nxe4 Bf5 5. Ng3 Bg6 6. N1e2 e6 7. h4 h6 8. Nf4 Bh7 9. Bd3 Bxd3 10. Qxd3 Nf6 11. Bd2 Nbd7 12. 0-0-0 Bd6 13. Nfh5 Rg8 14. Rhe1 Nxh5 15. Nxh5 Qxh4 16. d5 Nc5 17. Qf3 cxd5 18. Kb1 0-0-0 19. Qxf7 Qg4 20. f3 Qxg2 21. Nf4 Qxf3 22. Rf1 Qg4 23. Ng6 Kb8 24. Bc3 Ne4 25. Be5 Rc8 26. Rd4 Qe2 27. Ka1 Ka8 28. Rxe4 dxe4 29. Bxd6 Rgd8 30. Rb1 Rxd6 31. Ne7 Rd1 0-1

[Event "BL2-Nord 0708"]
[Site "Germany"]
[Date "2008.01.20"]
[Round "5.1"]
[White "Meins, Gerlef"]
[Black "Hansen, Lars Bo"]
[Result "1/2-1/2"]
[WhiteElo "2443"]
[BlackElo "2572"]
[PlyCount "52"]
[EventDate "2007.10.21"]
[EventType "team-tourn"]
[EventRounds "9"]
[EventCountry "GER"]
[SourceTitle "EXT 2009"]
[Source "ChessBase"]
[SourceDate "2008.11.26"]
[SourceVersion "1"]
[SourceVersionDate "2008.11.26"]
[SourceQuality "1"]
[WhiteTeam "Werder Bremen  II"]
[BlackTeam "Luebeck"]
[WhiteTeamCountry "GER"]
[BlackTeamCountry "GER"]

1. d4 d5 2. c4 e6 3. Nf3 Nf6 4. g3 dxc4 5. Bg2 Bd7 6. Ne5 Bc6 7. Nxc6 Nxc6 8. 0-0 Qd7 9. e3 Rb8 10. Qe2 b5 11. b3 cxb3 12. axb3 Rb6 13. Bb2 a6 14. Rd1 Be7 15. e4 0-0 16. Nc3 Nb4 17. d5 e5 18. Na2 Nxa2 19. Rxa2 Bd6 20. Bc3 Qe7 21. Ba5 Rb7 22. Bd2 Ra8 23. Rda1 Rb6 24. Ba5 Rb7 25. Bd2 Rb6 26. Ba5 Rb7 1/2-1/2

[Event "Rilton Cup 37th"]
[Site "Stockholm"]
[Date "2008.01.03"]
[Round "7"]
[White "Berczes, Csaba"]
[Black "Hansen, Lars Bo"]
[Result "1-0"]
[WhiteElo "2419"]
[BlackElo "2572"]
[PlyCount "81"]
[EventDate "2007.12.27"]
[EventType "swiss"]
[EventRounds "9"]
[EventCountry "SWE"]
[SourceTitle "CBM 122 Extra"]
[Source "ChessBase"]
[SourceDate "2008.03.04"]
[SourceVersion "1"]
[SourceVersionDate "2008.03.04"]
[SourceQuality "1"]

1. Nf3 d5 2. g3 c6 3. Bg2 Bg4 4. h3 Bxf3 5. Bxf3 Nd7 6. d3 e5 7. 0-0 Bc5 8. c3 Ngf6 9. Nd2 0-0 10. e4 Re8 11. Bg2 Bb6 12. b4 a5 13. Bb2 Nf8 14. a3 axb4 15. axb4 Rxa1 16. Bxa1 dxe4 17. Nxe4 Nxe4 18. Bxe4 Nd7 19. Bg2 Nf6 20. Qe2 h5 21. Kh2 Qd6 22. Rb1 h4 23. c4 Bd4 24. b5 Bxa1 25. Rxa1 cxb5 26. cxb5 Qc5 27. Rb1 hxg3+ 28. fxg3 b6 29. Bc6 Re6 30. Rf1 Rd6 31. Rf5 Re6 32. Qa2 Qd4 33. Qa8+ Kh7 34. Qa3 Qd8 35. Qc3 Qc7 36. Rxf6 Qe7 37. Be4+ g6 38. Rxe6 Qxe6 39. Kg2 Qd6 40. Qc6 Qd4 41. Qf6 1-0

[Event "Rilton Cup 37th"]
[Site "Stockholm"]
[Date "2007.12.31"]
[Round "5"]
[White "Hansen, Lars Bo"]
[Black "Nithander, Victor"]
[Result "1-0"]
[WhiteElo "2572"]
[BlackElo "2367"]
[PlyCount "71"]
[EventDate "2007.12.27"]
[EventType "swiss"]
[EventRounds "9"]
[EventCountry "SWE"]
[SourceTitle "CBM 122 Extra"]
[Source "ChessBase"]
[SourceDate "2008.03.04"]
[SourceVersion "1"]
[SourceVersionDate "2008.03.04"]
[SourceQuality "1"]

1. d4 Nf6 2. Nf3 g6 3. c4 Bg7 4. Nc3 0-0 5. e4 d6 6. Be2 e5 7. 0-0 Na6 8. Re1 c6 9. Bf1 exd4 10. Nxd4 Ng4 11. h3 Qb6 12. hxg4 Qxd4 13. g5 Qxd1 14. Rxd1 Nc5 15. f3 Be5 16. Rb1 a5 17. Ne2 Be6 18. Nf4 f5 19. gxf6 Rxf6 20. Nd3 Bd4+ 21. Nf2 Be5 22. Be3 a4 23. Rd2 Rf7 24. Bh6 b5 25. cxb5 Bxa2 26. Rbd1 Bb3 27. Rc1 cxb5 28. Ng4 Ne6 29. Nxe5 dxe5 30. Bxb5 Rb8 31. Rd6 Re7 32. Bd7 Nd4 33. Rc5 Rd8 34. Rc7 Kf7 35. Bg5 Rdxd7 36. Rdxd7 1-0

[Event "Rilton Cup 37th"]
[Site "Stockholm"]
[Date "2007.12.27"]
[Round "1"]
[White "Sisatto, Olli"]
[Black "Hansen, Lars Bo"]
[Result "0-1"]
[WhiteElo "2264"]
[BlackElo "2572"]
[PlyCount "188"]
[EventDate "2007.12.27"]
[EventType "swiss"]
[EventRounds "9"]
[EventCountry "SWE"]
[SourceTitle "CBM 122 Extra"]
[Source "ChessBase"]
[SourceDate "2008.03.04"]
[SourceVersion "1"]
[SourceVersionDate "2008.03.04"]
[SourceQuality "1"]

1. e4 e6 2. d4 d5 3. Nc3 Bb4 4. exd5 exd5 5. Bd3 Nc6 6. a3 Be7 7. Qf3 Nxd4 8. Qxd5 Nf6 9. Qxd8+ Bxd8 10. Nge2 Nxe2 11. Kxe2 0-0 12. Re1 c6 13. Bg5 h6 14. Bf4 Ba5 15. b4 Bb6 16. Na4 Bd4 17. c3 Nd5 18. Bd2 Bf6 19. Rac1 Rd8 20. c4 Nc7 21. Bc3 Bxc3 22. Rxc3 Ne6 23. Kf1 g6 24. c5 Kg7 25. Bc4 Nf4 26. Rce3 Be6 27. Bxe6 Nxe6 28. Nb2 Rd4 29. Re4 Rxe4 30. Rxe4 a5 31. Nc4 axb4 32. axb4 Kf6 33. Nd6 Rb8 34. Re3 Ke7 35. Rf3 f5 36. Rh3 h5 37. Ra3 Nc7 38. Re3+ Kf6 39. Ra3 Nd5 40. Ra4 Ke6 41. Nc4 h4 42. Ke1 g5 43. Nb2 f4 44. Nd3 Kf5 45. Kd2 Rd8 46. Kc2 g4 47. Ra7 Rb8 48. Kd2 h3 49. gxh3 gxh3 50. f3 Kf6 51. Nf2 Nxb4 52. Kc3 Nd5+ 53. Kd4 Nc7 54. Kc4 Nb5 55. Ra1 Rd8 56. Rf1 Kf5 57. Nxh3 Rh8 58. Nf2 Rxh2 59. Ne4 Re2 60. Kd3 Re3+ 61. Kc4 Ke5 62. Rf2 Nc7 63. Nd6 Nd5 64. Nf7+ Ke6 65. Nd8+ Ke5 66. Nf7+ Kf6 67. Nd6 Rc3+ 68. Kd4 Rb3 69. Ne4+ Ke6 70. Rh2 Kf5 71. Rh5+ Kg6 72. Rg5+ Kh6 73. Ke5 Rxf3 74. Kf5 Ne7+ 75. Kg4 Rf1 76. Re5 Rg1+ 77. Kf3 Ng6 78. Re6 Kg7 79. Nd6 Rg3+ 80. Kf2 Rb3 81. Re8 Kf6 82. Rb8 Ne5 83. Rf8+ Ke6 84. Kf1 f3 85. Rd8 Ng4 86. Re8+ Kd5 87. Re1 Kxc5 88. Ne4+ Kb6 89. Rc1 Rb2 90. Ra1 Ne3+ 91. Kg1 Rg2+ 92. Kh1 Ng4 93. Rf1 Re2 94. Ng5 f2 0-1

[Event "BL2-Nord 0708"]
[Site "Germany"]
[Date "2007.12.08"]
[Round "6.1"]
[White "Figura, Atila Gajo"]
[Black "Hansen, Lars Bo"]
[Result "1/2-1/2"]
[WhiteElo "2414"]
[BlackElo "2572"]
[PlyCount "44"]
[EventDate "2007.10.21"]
[EventType "team-tourn"]
[EventRounds "9"]
[EventCountry "GER"]
[SourceTitle "EXT 2009"]
[Source "ChessBase"]
[SourceDate "2008.11.26"]
[SourceVersion "1"]
[SourceVersionDate "2008.11.26"]
[SourceQuality "1"]
[WhiteTeam "Kreuzberg  II"]
[BlackTeam "Luebeck"]
[WhiteTeamCountry "GER"]
[BlackTeamCountry "GER"]

1. d4 d5 2. c4 e6 3. Nc3 Nf6 4. cxd5 exd5 5. Bg5 Be7 6. e3 c6 7. Bd3 Nbd7 8. Nf3 Ne4 9. Bf4 Ndf6 10. 0-0 Bf5 11. Ne5 0-0 12. Qc2 Nxc3 13. Bxf5 Nb5 14. Bd3 Nc7 15. g4 Ne6 16. Bg3 c5 17. Bf5 cxd4 18. Bxe6 fxe6 19. exd4 Ne4 20. f3 Rc8 21. Qe2 Nxg3 22. hxg3 Bf6 1/2-1/2

[Event "BL2-Nord 0708"]
[Site "Germany"]
[Date "2007.11.25"]
[Round "3.1"]
[White "Chevelevitch, Evgueni"]
[Black "Hansen, Lars Bo"]
[Result "1/2-1/2"]
[WhiteElo "2456"]
[BlackElo "2572"]
[PlyCount "53"]
[EventDate "2007.10.21"]
[EventType "team-tourn"]
[EventRounds "9"]
[EventCountry "GER"]
[SourceTitle "EXT 2009"]
[Source "ChessBase"]
[SourceDate "2008.11.26"]
[SourceVersion "1"]
[SourceVersionDate "2008.11.26"]
[SourceQuality "1"]
[WhiteTeam "Hamburger SK  II"]
[BlackTeam "Luebeck"]
[WhiteTeamCountry "GER"]
[BlackTeamCountry "GER"]

1. e4 e6 2. d4 d5 3. Nd2 c5 4. Ngf3 Nc6 5. exd5 exd5 6. Bb5 Bd6 7. dxc5 Bxc5 8. Nb3 Bd6 9. 0-0 Nge7 10. Re1 0-0 11. Bd3 h6 12. h3 Bf5 13. Be3 Re8 14. Bc5 Bxc5 15. Nxc5 Qb6 16. Nb3 Bxd3 17. Qxd3 a5 18. Nbd4 Nxd4 19. Qxd4 Qxd4 20. Nxd4 Nc6 21. Nf5 Nb4 22. c3 Nd3 23. Re3 Rxe3 24. Nxe3 Nxb2 25. Rb1 Nc4 26. Nxc4 dxc4 27. Rxb7 1/2-1/2

[Event "EU-chT (Men) 16th"]
[Site "Heraklion"]
[Date "2007.11.06"]
[Round "9.2"]
[White "Hansen, Lars Bo"]
[Black "Rozentalis, Eduardas"]
[Result "1/2-1/2"]
[WhiteElo "2572"]
[BlackElo "2581"]
[PlyCount "35"]
[EventDate "2007.10.28"]
[EventType "team-swiss"]
[EventRounds "9"]
[EventCountry "GRE"]
[SourceTitle "CBM 121"]
[Source "ChessBase"]
[SourceDate "2007.11.14"]
[SourceVersion "1"]
[SourceVersionDate "2007.11.14"]
[SourceQuality "1"]
[WhiteTeam "Denmark"]
[BlackTeam "Lithuania"]
[WhiteTeamCountry "DEN"]
[BlackTeamCountry "LTU"]

1. d4 Nf6 2. c4 e6 3. g3 Bb4+ 4. Bd2 c5 5. Bxb4 cxb4 6. Bg2 0-0 7. e4 d6 8. Ne2 e5 9. a3 bxa3 10. Nxa3 Nc6 11. Qd2 exd4 12. Rd1 Qb6 13. Nb5 Ne5 14. Qxd4 Qa5+ 15. Qc3 Qxc3+ 16. Nexc3 Bg4 17. Rd4 Ne8 18. 0-0 1/2-1/2

[Event "EU-chT (Men) 16th"]
[Site "Heraklion"]
[Date "2007.11.04"]
[Round "7.2"]
[White "Hansen, Lars Bo"]
[Black "Palac, Mladen"]
[Result "1-0"]
[WhiteElo "2572"]
[BlackElo "2567"]
[PlyCount "41"]
[EventDate "2007.10.28"]
[EventType "team-swiss"]
[EventRounds "9"]
[EventCountry "GRE"]
[SourceTitle "CBM 121"]
[Source "ChessBase"]
[SourceDate "2007.11.14"]
[SourceVersion "1"]
[SourceVersionDate "2007.11.14"]
[SourceQuality "1"]
[WhiteTeam "Denmark"]
[BlackTeam "Croatia"]
[WhiteTeamCountry "DEN"]
[BlackTeamCountry "CRO"]

1. d4 d5 2. Nf3 Nf6 3. c4 e6 4. Nc3 c6 5. e3 Nbd7 6. Bd3 dxc4 7. Bxc4 b5 8. Bd3 Bb7 9. e4 b4 10. Na4 c5 11. e5 Nd5 12. 0-0 cxd4 13. Re1 g6 14. Bg5 Qa5 15. Nd2 Rc8 16. Nc4 Rxc4 17. Bxc4 Bg7 18. Rc1 Nxe5 19. Nc5 Qxc5 20. Ba6 Nc3 21. Bxb7 1-0

[Event "Pacific Coast op 12th"]
[Site "Agoura Hills"]
[Date "2007.07.21"]
[Round "2"]
[White "Matikozian, Andranik"]
[Black "Hansen, Lars Bo"]
[Result "1/2-1/2"]
[WhiteElo "2474"]
[BlackElo "2580"]
[PlyCount "66"]
[EventDate "2007.07.19"]
[EventType "swiss"]
[EventRounds "6"]
[EventCountry "USA"]
[SourceTitle "EXT 2014"]
[Source "ChessBase"]
[SourceDate "2013.11.20"]
[SourceVersion "1"]
[SourceVersionDate "2013.11.20"]
[SourceQuality "1"]

1. e4 e6 2. d3 d5 3. Nd2 Nf6 4. Ngf3 Bc5 5. e5 Nfd7 6. c3 Bb6 7. d4 c5 8. Nb3 c4 9. Nbd2 f6 10. exf6 Qxf6 11. Be2 0-0 12. 0-0 Nc6 13. b3 cxb3 14. Nxb3 h6 15. Ba3 Rd8 16. Bd6 e5 17. dxe5 Ndxe5 18. Bxe5 Nxe5 19. Nxe5 Qxe5 20. Nd4 Bd7 21. Bf3 Rac8 22. Re1 Qf6 23. Rc1 Qg5 24. g3 Bh3 25. Qd3 Qf6 26. Rcd1 Kh8 27. Re3 Ba5 28. Ne2 Bf5 29. Qd4 Qxd4 30. Nxd4 Be4 31. Ne6 Bxf3 32. Rxf3 Rd6 33. Nf4 Rxc3 1/2-1/2

[Event "World op 35th"]
[Site "Philadelphia"]
[Date "2007.07.04"]
[Round "8"]
[White "Kleiman, Jake"]
[Black "Hansen, Lars Bo"]
[Result "1/2-1/2"]
[WhiteElo "2312"]
[BlackElo "2576"]
[PlyCount "74"]
[EventDate "2007.06.30"]
[EventType "swiss"]
[EventRounds "9"]
[EventCountry "USA"]
[SourceTitle "CBM 119 Extra"]
[Source "ChessBase"]
[SourceDate "2007.09.04"]
[SourceVersion "1"]
[SourceVersionDate "2007.09.04"]
[SourceQuality "1"]

1. e4 e6 2. d3 d5 3. Nd2 Nf6 4. Ngf3 Bc5 5. h3 Nc6 6. c3 e5 7. b4 Bd6 8. Be2 a5 9. b5 Ne7 10. 0-0 0-0 11. Re1 a4 12. Bf1 Ng6 13. exd5 Nxd5 14. c4 Ndf4 15. Bb2 Bb4 16. a3 Ba5 17. d4 exd4 18. Bxd4 Bf5 19. Bc5 Re8 20. Rxe8+ Qxe8 21. Bb4 c6 22. Bxa5 Rxa5 23. Qc1 c5 24. Qc3 Ra8 25. Re1 Qd8 26. Qe3 b6 27. Ne5 Nxe5 28. Qxf4 Nd3 29. Bxd3 Qxd3 30. Re3 Qd7 31. Ne4 h6 32. Nc3 Be6 33. Nd5 Bxd5 34. Rd3 Re8 35. Rxd5 Qe7 36. Rd6 Qc7 37. Qg3 Rd8 1/2-1/2

[Event "World op 35th"]
[Site "Philadelphia"]
[Date "2007.07.02"]
[Round "5"]
[White "Hansen, Lars Bo"]
[Black "Abramovic, Bosko"]
[Result "1/2-1/2"]
[WhiteElo "2576"]
[BlackElo "2509"]
[PlyCount "83"]
[EventDate "2007.06.30"]
[EventType "swiss"]
[EventRounds "9"]
[EventCountry "USA"]
[SourceTitle "CBM 119 Extra"]
[Source "ChessBase"]
[SourceDate "2007.09.04"]
[SourceVersion "1"]
[SourceVersionDate "2007.09.04"]
[SourceQuality "1"]

1. d4 Nf6 2. Nf3 e6 3. c4 d5 4. g3 Nbd7 5. Bg2 c6 6. Qc2 b6 7. 0-0 Bb7 8. Rd1 Be7 9. b3 0-0 10. Nc3 Qc8 11. Bb2 b5 12. c5 b4 13. Na4 Ba6 14. Ne1 Bd8 15. Nd3 Rb8 16. a3 bxa3 17. Rxa3 Bc7 18. Nc3 Bxd3 19. exd3 a5 20. f4 Ng4 21. Re1 Nh6 22. Nb1 Nf5 23. Nd2 Rb5 24. Bh3 Nb8 25. Bc3 Na6 26. Nf3 Nb4 27. Qd2 h6 28. Ra4 Na6 29. Bxa5 Rxb3 30. g4 Ne7 31. f5 exf5 32. gxf5 Nxf5 33. Bxc7 Nxc7 34. Qd1 Rb2 35. Nh4 g6 36. Nxf5 gxf5 37. Qc1 Qb8 38. Qxh6 Re8 39. Qg5+ Kf8 40. Qh6+ Kg8 41. Qg5+ Kf8 42. Qh6+ 1/2-1/2

[Event "DEN-ch"]
[Site "Aalborg"]
[Date "2007.04.07"]
[Round "8"]
[White "Hansen, Lars Bo"]
[Black "Pedersen, Steffen"]
[Result "0-1"]
[WhiteElo "2575"]
[BlackElo "2439"]
[PlyCount "80"]
[EventDate "2007.03.31"]
[EventType "swiss"]
[EventRounds "9"]
[EventCountry "DEN"]
[SourceTitle "CBM 117 Extra"]
[Source "ChessBase"]
[SourceDate "2007.05.09"]
[SourceVersion "1"]
[SourceVersionDate "2007.05.09"]
[SourceQuality "1"]

1. Nf3 d5 2. g3 Bg4 3. Bg2 Nd7 4. 0-0 e6 5. d3 Bc5 6. Nbd2 Ne7 7. c4 c6 8. a3 a5 9. b3 Nf5 10. Bb2 Bh5 11. e4 dxe4 12. dxe4 Nd4 13. b4 Ne5 14. bxc5 Ndxf3+ 15. Nxf3 Qxd1 16. Rfxd1 Nxf3+ 17. Kh1 f6 18. Rd3 Ne5 19. Bxe5 fxe5 20. Rb1 Rb8 21. f3 Ke7 22. Rdb3 Rhd8 23. Rxb7+ Rxb7 24. Rxb7+ Kf8 25. Kg1 Rd3 26. f4 Rxa3 27. f5 Ra1+ 28. Kf2 Ra2+ 29. Kg1 Ra1+ 30. Kf2 Ra2+ 31. Kg1 a4 32. h3 Be2 33. g4 a3 34. Ra7 Bxc4 35. g5 exf5 36. exf5 Ra1+ 37. Kh2 a2 38. Bxc6 Rc1 39. Ra8+ Ke7 40. Ra7+ Kd8 0-1

[Event "DEN-ch"]
[Site "Aalborg"]
[Date "2007.04.06"]
[Round "7"]
[White "Hansen, Lars Bo"]
[Black "Kristiansen, Jens"]
[Result "1-0"]
[WhiteElo "2575"]
[BlackElo "2429"]
[PlyCount "31"]
[EventDate "2007.03.31"]
[EventType "swiss"]
[EventRounds "9"]
[EventCountry "DEN"]
[SourceTitle "CBM 117 Extra"]
[Source "ChessBase"]
[SourceDate "2007.05.09"]
[SourceVersion "1"]
[SourceVersionDate "2007.05.09"]
[SourceQuality "1"]

1. Nf3 f5 2. g3 Nf6 3. Bg2 g6 4. d4 Bg7 5. 0-0 0-0 6. c4 d6 7. Nc3 c6 8. d5 Ne4 9. Nxe4 fxe4 10. Ng5 Na6 11. Be3 Nc5 12. Rb1 a5 13. dxc6 Kh8 14. Ne6 Bf6 15. Nf4 Re8 16. Nd5 1-0